| 000 | 00942nam a22001697a 4500 | ||
|---|---|---|---|
| 003 | SGT | ||
| 020 | _a9788126518494 | ||
| 082 | _a530.13,HUA | ||
| 100 | _aHUANG, KERSON | ||
| 245 | _aSTATISTICAL MECHANICS | ||
| 250 | _a2ND | ||
| 260 |
_aNEW DELHI _bWILLEY INDIA _c2014 |
||
| 300 | _a493 | ||
| 650 | _aPHYSICS | ||
| 653 | _a THE LAWS OF THERMODYNAMICS • SOME APPLICATIONS OF THERMODYNAMICS • THE PROBLEM OF KINETIC THEORY • THE EQUILIBRIUM STATE OF A DILUTE GAS • TRANSPORT PHENOMENA • CLASSICAL STATISTICAL MECHANICS • CANONICAL ENSEMBLE AND GRAND CANONICAL ENSEMBLE • QUANTUM STATISTICAL MECHANICS • GENERAL PROPERTIES OF THE PARTITION FUNCTION • APPROXIMATE METHODS • FERMI SYSTEMS • BOSE SYSTEMS • SUPERFLUIDS • ISING MODEL • ONSAGER SOLUTION • CRITICAL PHENOMENA • THE LANDAU APPROACH • RENORMALIZATION GROUP APPENDIX INDEX | ||
| 942 |
_2ddc _cFPS _010 |
||
| 999 |
_c9370 _d9370 |
||